000 00750nam a2200229Ia 4500
003 GCL
008 140319s9999 xx 000 0 ara d
040 _aGCL /
_cGCL
082 0 4 _a355.42
_bهـ ح
100 1 _aهشام عبدالله
245 1 0 _aحرب الخليج الاسلحة والتكتيكات /
_cهشام عبدالله
260 _a[S.N] :
_bالمؤسسة العربية للدراسات والنشر ،
_c1991
300 _a239 ص
490 _a
650 0 4 _aالعالم العربى
650 0 4 _aحرب الخليج
650 0 4 _aالعمليات الحربية
650 0 4 _aالتكتيك الحربى
650 0 4 _aالاسلحة والتسليح
650 0 4 _aالتعبئة العسكرية
942 _2ddc
_cBK
999 _c33420
_d33420